All 500k+ Urban Areas of Europe - Statistics

General Stats
  • This quiz has been taken 4,128 times
    42 since last reset
  • The average score is 130 of 177
Answers on the Map
Answers color-coded by a green-red scale on the quiz's map according to % correct below.
 
Answer Stats
Country Pop. Urban Area % Correct
Netherlands 2,017,935 Amsterdam
100%
Greece 3,618,860 Athens
100%
Spain 5,345,763 Barcelona
100%
United Kingdom 983,790 Belfast
100%
Germany 4,558,043 Berlin
100%
Belgium 2,338,157 Brussels
100%
Ireland 1,721,812 Dublin
100%
United Kingdom 1,790,499 Glasgow
100%
Germany 2,763,491 Hamburg
100%
Turkey 15,244,936 Istanbul
100%
Ukraine 3,545,076 Kyiv
100%
Portugal 2,731,340 Lisbon
100%
United Kingdom 1,729,058 Liverpool
100%
United Kingdom 13,475,297 London
100%
Spain 6,989,714 Madrid
100%
Italy 5,301,987 Milan
100%
Belarus 2,265,614 Minsk
100%
Italy 4,095,364 Naples
100%
France 11,249,025 Paris
100%
Portugal 1,651,124 Porto
100%
Czech Republic 1,977,776 Prague
100%
Latvia 762,194 Riga
100%
Italy 3,684,930 Rome
100%
Netherlands 3,592,389 Rotterdam - The Hague
100%
Russia 5,769,215 St. Petersburg
100%
Poland 2,975,932 Warsaw
100%
Hungary 2,798,396 Budapest
97%
Germany 927,247 Dresden
97%
United Kingdom 713,623 Edinburgh
97%
Switzerland 635,676 Geneva
97%
Finland 1,439,175 Helsinki
97%
United Kingdom 3,010,473 Leeds
97%
France 2,090,206 Lyon
97%
United Kingdom 3,374,693 Manchester
97%
Russia 17,217,606 Moscow
97%
Germany 2,618,482 Munich
97%
Norway 1,422,223 Oslo
97%
Bulgaria 1,488,887 Sofia
97%
Sweden 2,241,651 Stockholm
97%
Spain 1,916,932 Valencia
97%
Switzerland 2,124,246 Zürich
97%
Romania 2,348,982 Bucharest
95%
Germany 3,354,797 Cologne - Bonn
95%
Denmark 2,088,197 Copenhagen
95%
Germany 3,167,862 Frankfurt am Main
95%
United Kingdom 1,719,730 Newcastle-upon-Tyne
95%
France 1,143,557 Nice - Cannes
95%
Ukraine 1,273,381 Odesa
95%
Spain 629,955 Palma de Mallorca
95%
Spain 1,299,106 Seville
95%
Italy 1,828,088 Turin
95%
Austria 2,565,196 Vienna
95%
Croatia 1,008,763 Zagreb
95%
Serbia 1,612,587 Belgrade
92%
Spain 957,261 Bilbao
92%
United Kingdom 3,083,783 Birmingham
92%
Slovakia 535,160 Bratislava
92%
Italy 996,808 Florence
92%
Sweden 941,867 Gothenburg
92%
France 1,322,989 Marseille
92%
Germany 2,300,011 Stuttgart
92%
Estonia 576,205 Tallinn
92%
Greece 1,011,795 Thessaloniki
92%
Malta 532,997 Valletta
92%
Lithuania 631,243 Vilnius
92%
United Kingdom 1,165,502 Cardiff - Newport
89%
Moldova 720,128 Chișinău
89%
Poland 987,006 Gdańsk - Gdynia
89%
Italy 717,077 Genoa
89%
Germany 1,156,114 Hanover
89%
Spain 1,048,764 Málaga
89%
United Kingdom 1,618,393 Nottingham - Derby
89%
Germany 1,307,726 Nuremberg
89%
France 739,000 Strasbourg
89%
Germany 6,108,500 the Ruhr
89%
Albania 926,645 Tirana
89%
Belgium 1,860,869 Antwerp
86%
France 1,085,823 Bordeaux
86%
Germany 940,800 Bremen
86%
United Kingdom 880,978 Brighton
86%
Russia 533,305 Kaliningrad
86%
Poland 1,339,089 Kraków
86%
Germany 784,344 Leipzig
86%
France 1,226,810 Lille
86%
Italy 955,720 Palermo
86%
Ukraine 921,345 Lviv
84%
France 1,332,370 Toulouse
84%
Spain 800,329 Zaragoza
84%
Germany 599,000 Aachen
81%
Italy 608,350 Bari
81%
Switzerland 572,556 Basel
81%
Italy 674,586 Bologna
81%
United Kingdom 1,274,128 Bristol
81%
Ukraine 1,450,194 Donetsk
81%
Russia 1,341,784 Kazan
81%
Germany 1,755,988 Mannheim
81%
France 946,441 Nantes
81%
North Macedonia 608,133 Skopje
81%
United Kingdom 1,390,006 Southampton - Portsmouth
81%
United Kingdom 1,166,720 Sheffield
78%
Italy 526,298 Verona
78%
Germany 770,015 Bielefeld
76%
Germany 1,087,466 Düsseldorf
76%
United Kingdom 713,491 Leicester
76%
France 672,643 Montpellier
76%
Netherlands 947,716 Utrecht
76%
Belgium 923,447 Ghent
73%
Germany 582,231 Saarbrücken
73%
United Kingdom 537,083 Swansea
73%
Czech Republic 640,970 Brno
70%
Italy 765,469 Catania
70%
Ukraine 1,713,794 Kharkiv
70%
Belgium 1,144,408 Liège
70%
France 614,623 Rennes
70%
Poland 947,522 Wrocław
70%
Germany 562,358 Augsburg
68%
United Kingdom 672,068 Bournemouth
68%
Netherlands 833,765 Eindhoven
68%
Germany 828,722 Karlsruhe
68%
Russia 1,349,583 Rostov-on-Don
68%
Russia 1,402,254 Volgograd
68%
United Kingdom 510,749 Kingston-upon-Hull
65%
Spain 554,887 Alicante
62%
Spain 508,703 Granada
62%
Poland 1,041,339 Łódź
62%
Poland 975,965 Poznań
62%
Poland 2,843,725 Upper Silesia (Katowice)
62%
Italy 1,018,689 Bergamo
59%
United Kingdom 649,615 Coventry
59%
Ukraine 532,126 Luhansk
59%
Russia 1,430,212 Nizhny Novgorod
59%
Belgium 925,714 Charleroi
57%
Ukraine 1,014,593 Dnipro
57%
Spain 753,468 Murcia
57%
Russia 1,027,518 Perm
57%
France 665,460 Rouen
57%
Russia 1,307,406 Samara
57%
France 617,504 Grenoble
54%
Czech Republic 539,358 Ostrava
54%
Russia 1,166,098 Ufa
54%
Russia 1,154,885 Krasnodar
51%
United Kingdom 561,390 Stoke-on-Trent
51%
France 605,875 Toulon
51%
Poland 536,868 Lublin
49%
Italy 747,380 Padua
46%
Germany 872,475 Wuppertal
46%
Germany 501,695 Braunschweig
43%
Russia 1,127,100 Voronezh
43%
Belarus 690,630 Gomel
41%
United Kingdom 651,990 Middlesbrough
41%
Russia 1,097,493 Saratov
41%
Germany 597,287 Mönchengladbach
38%
United Kingdom 632,854 Southend-on-Sea
38%
Ukraine 830,588 Zaporizhzhia
38%
Italy 532,242 Brescia
35%
Russia 631,650 Astrakhan
32%
Netherlands 983,205 Nijmegen - Arnhem
32%
Russia 971,318 Makhachkala
30%
Russia 584,932 Orenburg
30%
Russia 632,389 Yaroslavl
30%
Ukraine 648,803 Kryvyi Rih
27%
Russia 534,285 Ryazan
27%
Netherlands 612,214 Enschede - Almelo
24%
Ukraine 539,483 Mykolaiv
24%
Russia 754,390 Tolyatti
24%
France 920,618 Lens - Douai - Béthune
22%
Belgium 655,642 Kortrijk
19%
Russia 676,665 Stavropol
19%
Russia 526,617 Lipetsk
16%
Russia 616,801 Penza
16%
Netherlands 515,287 's-Hertogenbosch
16%
Russia 672,819 Ulyanovsk
16%
Russia 679,373 Izhevsk
14%
Poland 547,344 Rybnik
14%
Poland 538,585 Bielsko-Biała
11%
Russia 590,640 Naberezhnye Chelny
8%
Russia 505,811 Cheboksary
5%
No matching quizzes found
Score Distribution
Percent of People with Each Score
Percentile by Number Answered
Your Score History
You have not taken this quiz since the last reset